Peace Corps Acronyms/Terms Quiz - Statistics

General Stats
  • This quiz has been taken 4 times
  • The average score is 15 of 22
Answer Stats
Hint Acronym % Correct
Highest Ranking in-country Peace Corps employee CD / Country Director
100%
Money given to RPCVs at the end of service to help with getting resettled after service Readjustment Allowance
100%
Getting 'fired" in Peace Corps Ad Sep / Administratively Separated
75%
Sector in which PCVs work with development banks, nongovernmental organizations, and municipalities CED / Community Economic Development
75%
The final conference after the initial training COS / Close of Service
75%
The citizen of the host country who is performing an equivalent role to the PCV Counterpart
75%
Leaving Peace Corps service before the full term; this could be voluntary or involuntary ET / Early Terminate
75%
The citizens of the country where PCVs serve HCN / Host Country Nationals
75%
The fist conference after the initial training IST / In-service Training
75%
The verbal test that Trainees and PCVs take to gauge progress in the local language LPI / Language Proficiency Interview
75%
When Peace Corps removes a PCV from service to receive medical assistance that is not available in country Med Evac / Medical Evacuation
75%
The process of meeting medical qualifications while applying for Peace Corps service Medical Clearance
75%
The second conference after the initial training MST / Mid-service Training
75%
The 2 day orientation in the States before trainees fly to their Host Countries Staging
75%
The ceremony of taking the Peace Corps Oath to become a PCV Swearing In
75%
Sector in which PCVs work with youth to promote engagement and active citizenship YiD / Youth in Development
75%
The primary point of contact for Invitees from Invitation to Staging CDO / Country Desk Officer
50%
This person teaches language and cultural skills to trainees during the first 2-3 months in country LCF / Language and Cross-cultural Facilitator
50%
A prospective PCV who received an invitation, but has yet to start service PCI / Peace Corps Invitee /Invitee
50%
The person in charge of caring for the health of trainees and PCVs PCMO / Peace Corps Medical Officer
50%
The first 2-3 month period in country PST / Pre-Service Training
50%
A PCV who extends service into a third year for a specific project initiative PCVL / Peace Corps Volunteer Leader
25%
No matching quizzes found
Score Distribution
Percent of People with Each Score
Percentile by Number Answered
Your Score History
You have not taken this quiz